000 00436nam a2200181Ia 4500
001 2969
005 20260306144846.0
008 260306t2003||||xx |||||||||||||| ||spa||
041 _aESP
082 _a236.91
_bC77
100 _aCongreso Mariano
_eAUT
245 0 _aMaría, estrella de la nueva evangelización
260 _c2003
300 _a272 páginas :
_c20 cm.
650 _aGEN
654 _aCHU
942 _cLIB
_dJUS
_fJUS
_2ddc
_n
999 _c2969
_d2969